000 01184naa a22003017a 4500
001 BR8800565
003 BR-BrBNA
005 20250721154551.0
007 ta
008 250630b bl.|||m| |||| 00| 0 por d
040 _aBR-BrBNA
_bpor
_cBiblioteca Nacional de Agricultura
041 _a(Pt)
072 _aK10
_b3240
090 _aK10 BR8800565
100 1 _aFinger, C.A.G.
100 1 _aGonzaga, J.V.
100 1 _aFreitas, A.J.P.
111 1 _aReuniao Tecnica sobre segunda rotacao de Eucalipto
_cPiracicaba, SP (Brazil)
_d25-26 Nov 1985
245 1 _aEstudo da viabilidade tecnica do interplantio de florestas de Eucaliptus em segunda rotacao
500 _aAnais da Reuniao Tecnica sobre segunda rotacao de Eucalipto Piracicaba, SP (Brasil): 1987. p. 14-19 (BR8800565-AMS)
773 0 _tAnais da Reuniao Tecnica sobre segunda rotacao de Eucalipto
_wK10 BR8800565
_gPiracicaba, SP (Brasil), 1987. p. 14-19
650 _aEUCALIPTO
650 _aROTACAO DE CULTURA
650 _aESPACAMENTO
490 _aSerie Tecnica - Instituto de Pesquisas e Estudos Florestais (Brazil)
_vv. 4(11)
_xISSN 0100-8137
942 _cAMS
_2AGRIS
909 _a202506
_bLúcia
_c55
_dLúcia Elande
999 _c335708
_d335708